Normal view MARC view
  • Galmarini, Marco-Aurelio

Entry Nombre Personal

Number of records used in: 2

001 - NUMERO DE CONTROL

  • campo de control: 47588

003 - IDENTIFICADOR DE NUMERO DE CONTROL

  • campo de control: DLC

005 - FECHA Y HORA DE LA ÜLTIMA TRANSACCIÓN

  • campo de control: 20230110152420.0

008 - DATOS DE LONGITUD FIJA

  • campo de control de longitud fija: 071122n| azannaabn |a aaa c

010 ## - NÚMERO DE CONTROL DE LA BIBLIOTECA DEL CONGRESO

  • Número de control LC: no2007146083
  • Número de Control LC Cancelado/inválido: ns2012004248

035 ## - NUMERO DE CONTROL

  • Número de control: (OCoLC)oca07594231

035 ## - NUMERO DE CONTROL

  • Número de control: (CaEvSKY)skya8312700

040 ## - FUENTE DE CATALOGACIÓN

  • Agencia original de catalogación: MX-MxITA
  • Lenguaje de catalogación: spa
  • Description conventions: rda
  • Agencia de transcripción: MX-MxITA
  • Agencia que lo modifica: MX-SlUA
  • Agencia que lo modifica: DLC
  • Agencia que lo modifica: MX-MxUPN

100 1# - ENCABEZAMIENTO - NOMBRE PERSONAL

  • Nombre personal: Galmarini, Marco-Aurelio

374 ## - OCUPACIÓN

  • Occupation: Traductor
  • Fuente del término: lcsh

377 ## - LENGUA ASOCIADA

  • Language code: spa

400 1# - VEÁSE - NOMBRE DE PERSONA

  • Control subfield: nne
  • Personal name: Galmarini Rodríguez, Marco Aurelio

670 ## - FUENTE EN LA QUE SE LOCALIZARON DATOS

  • Cita de la fuente: Anatomía de la izquierda occidental, 1985:
  • Información localizada: portada (Marco-Aurelio Galmarini)

670 ## - FUENTE EN LA QUE SE LOCALIZARON DATOS

  • Cita de la fuente: Cómo pensamos: nueva exposición de la relación entre pensamiento y proceso educativo, c1989:
  • Información localizada: portada (tr. Marco Aurelio Galmarini Rodríguez)

902 ## - CATALOGADOR

  • Catalogador: Víctor Ruiz/100123